Mapa de Regiones de Francia - Estadísticas

Estadísticas generales
  • Esta prueba ha sido intentada 7.950 veces
  • La puntuación promedio es 9 de 13
Respuestas en el mapa
Las respuestas están codificadas por una escala verde-roja en el mapa de la prueba según el % correcto abajo.
 
Estadísticas de respuestas
Respuesta % Correcto
Córcega
83%
Bretaña
80%
Normandía
80%
Provenza-Alpes-Costa Azul
74%
Isla de Francia
69%
Altos de Francia
67%
Centro-Valle de Loira
64%
Occitania
64%
Auvernia-Ródano-Alpes
60%
Gran Este
60%
Nueva Aquitania
56%
Borgoña-Franco Condado
48%
Países de la Loire
47%
No se encontraron pruebas coincidentes
Distribución de puntuación
Porcentaje de gente con cada puntuación
Porcentaje por número respondido
Historial de tus puntuaciones
No has intentado esta prueba.